| 000 | 00717nam a2200229 i 4500 | ||
|---|---|---|---|
| 001 | bg | ||
| 100 | 1 |
_aKAFKA, Franz _d(1883-1924) |
|
| 245 | 1 | 0 |
_aDer Prozess / _cFranz Kafka. |
| 260 |
_aHamburg : _bHamburger Lesehefte Verl., _c2004. |
||
| 300 |
_a248 s. : _b1 faks., 1 fot. ; _c20 cm. |
||
| 490 | 1 |
_aHamburger Lesehefte ; _v201 |
|
| 650 | 9 |
_aPowieść austriacka _y20 w. |
|
| 830 | _aHamburger Lesehefte ; | ||
| 020 | _a3872912003 | ||
| 040 | _cBPK | ||
| 041 | 0 | _ager | |
| 080 | _a821.112.2(436)-3 | ||
| 920 | _a3-87291-200-3 | ||
| 942 | _cKS | ||
| 008 | s pl f |000 0 pol | ||
| 999 |
_c45939 _d45939 |
||
| 856 |
_uhttp://koha.tu.koszalin.pl/cgi-bin/koha/opac-detail.pl?biblionumber=45939 _yKatalog online BPK |
||